Patrología

Guardat en:
Dades bibliogràfiques
Autor principal: Quasten, Johannes (Autor)
Format: Llibre
Idioma:espanyol
Publicat: Madrid, España. Biblioteca de Autores Cristianos, 1981
Col·lecció:Biblioteca de Autores Cristianos,
Matèries:
Etiquetes: Afegir etiqueta
Sense etiquetes, Sigues el primer a etiquetar aquest registre!

MARC

LEADER 00000nam a2200000 a 4500
001 UCL4235
003 CL-VaPUC
005 20211004112206.0
008 040109e19810000SP |||||||||||||||||spa|d
999 |c 307116  |d 307114 
020 |a 8422009978 
040 |c Pontificia Universidad Católica de Valparaíso 
082 0 4 |a 270 QUA 1981  |2 21 
100 0 |a Quasten, Johannes  |e author  |9 481719 
245 1 0 |a Patrología 
260 |a Madrid, España.   |b Biblioteca de Autores Cristianos,  |c 1981 
300 |a  volúmenes  
440 |a Biblioteca de Autores Cristianos,  |n  422  |9 860419 
500 |a v.3: La edad de oro de la literatura patrística latina 
505 |a v.3: La edad de oro de la literatura patrística latina 
583 |a last modification  |c 20040109 00:00:00  |k Rodrigo Vera 
650 0 |a Patrística  |9 322007 
942 |c BK  |2 ddc 
945 |d 20040109 00:00:00  |a vberengu 
952 |0 0  |1 0  |4 0  |6 270_000000000000000_QUA_1981  |7 0  |8 A  |9 372710  |a BIBTEO  |b BIBTEO  |d 2019-11-21  |h v.3  |i 2100053  |o 270 QUA 1981  |p 2100053  |r 2025-01-17  |w 2019-11-21  |y BK  |k ICR 
952 |0 0  |1 0  |4 0  |6 270_000000000000000_QUA_1981  |7 0  |8 A  |9 372711  |a BIBTEO  |b BIBTEO  |d 2019-11-21  |h v.3  |i 2100061  |o 270 QUA 1981  |p 2100061  |r 2025-01-17  |w 2019-11-21  |y BK  |k ICR 
952 |0 0  |1 0  |4 0  |6 270_000000000000000_QUA_1981  |7 0  |8 A  |9 372712  |a BIBTEO  |b BIBTEO  |d 2019-11-21  |h v.3  |i 210007K  |o 270 QUA 1981  |p 210007K  |r 2025-01-17  |w 2019-11-21  |y BK  |k ICR 
952 |0 0  |1 0  |4 0  |6 270_000000000000000_QUA_1981  |7 0  |8 A  |9 372713  |a BIBTEO  |b BIBTEO  |d 2019-11-21  |h v.3  |i 2100088  |o 270 QUA 1981  |p 2100088  |r 2025-01-17  |w 2019-11-21  |y BK  |k ICR 
952 |0 0  |1 0  |2 ddc  |4 0  |6 270_000000000000000_QUA_1981  |7 0  |8 A  |9 577732  |a BIBEDU  |b BIBEDU  |d 2021-03-31  |e 1  |g 47906.00  |h v.3   |i 5582873  |o 270 QUA 1981  |p 5582873  |r 2021-03-31  |t 5  |v 47906.00  |w 2021-03-31  |y BK  |k FIL